Unorthodox Jukebox Tracklist (Bruno Mars) - Statistics

General Stats
  • This quiz has been taken 91 times
  • The average score is 9 of 10
Answer Stats
Hint Answer % Correct
7 Natalie
97%
2 Locked out of Heaven
95%
3 Gorilla
94%
5 Moonshine
89%
4 Treasure
89%
6 When I Was Your Man
89%
1 Young Girls
89%
9 Money Make Her Smile
83%
10 If I Knew
81%
8 Show Me
81%
No matching quizzes found
Score Distribution
Percent of People with Each Score
Percentile by Number Answered
Your Score History
You have not taken this quiz